Islas de España - ¡Muerte súbita! - Estadísticas

Estadísticas generales
  • Esta prueba ha sido intentada 952 veces
  • La puntuación promedio es 13 de 17
Answers on the Grid
Answers color-coded by a green-red scale on the quiz's grid according to % correct below.
Mallorca
Ibiza
Menorca
Formentera
Tenerife
Gran Canaria
Lanzarote
La Palma
Fuerteventura
La Gomera
El Hierro
La Graciosa
Islas Gimnesias
Isla de Cádiz
Isla Canela
Isla de Arosa
Isla de León
Zafira
Solaz
Isla Coralina
Isla Serpentina
Los Lirios
Pinos Dorados
Culatra
Insua
Barreta
Santa Faro
Fayal
Flores
San Jorge
 
Estadísticas de respuestas
Respuesta % Correcto
Gran Canaria
96%
Ibiza
95%
Lanzarote
95%
La Palma
95%
Mallorca
95%
Tenerife
95%
Menorca
94%
Formentera
93%
Fuerteventura
93%
El Hierro
92%
La Gomera
92%
La Graciosa
84%
Isla de Arosa
52%
Isla de Cádiz
45%
Isla Canela
27%
Isla de León
24%
Islas Gimnesias
14%
No se encontraron pruebas coincidentes
Distribución de puntuación
Porcentaje de gente con cada puntuación
Porcentaje por número respondido
Historial de tus puntuaciones
No has intentado esta prueba.